[Event "Rated Blitz game"]
[Site "?"]
[Date "2021.06.21"]
[Round "?"]
[White "torynash"]
[Black "CubaE8"]
[Result "1-0"]
[WhiteElo "2584"]
[BlackElo "2532"]
[PlyCount "87"]
[EventDate "2021.??.??"]
[EventType "blitz"]

1. e4 e5 2. Nf3 Nc6 3. c3 Nf6 4. d4 exd4 5. e5 Nd5 6. Bc4 Nb6 7. Bb3 d5 8. cxd4
Be7 9. h3 O-O 10. O-O Bf5 11. Nc3 Nb4 12. Be3 a5 13. a3 Nd3 14. Qe2 Bg6 15. Bc2
Nxb2 16. Bxg6 hxg6 17. Qxb2 Nc4 18. Qe2 Nxa3 19. Rfc1 c6 20. h4 b5 21. h5 gxh5
22. Ne1 g6 23. f4 Qd7 24. Nd3 Nc4 25. Rf1 Qf5 26. Bc1 a4 27. Na2 a3 28. Nab4
Rfc8 29. Nc5 Ra4 30. Bd2 Bxc5 31. dxc5 h4 32. Bc3 d4 33. Be1 Rca8 34. Ra2 Qe6
35. f5 gxf5 36. Bxh4 Nxe5 37. Qh5 Ng6 38. Rxf5 Rxb4 39. Bf6 Rb1+ 40. Kh2 Qe3
41. Raf2 a2 42. R5f3 Qe4 43. Qh6 Qe1 44. Qg7# {Normal} 1-0

[Event "Rated Blitz game"]
[Site "?"]
[Date "2021.06.21"]
[Round "?"]
[White "ilalchemer"]
[Black "AndresDL21"]
[Result "0-1"]
[WhiteElo "2404"]
[BlackElo "2262"]
[PlyCount "62"]
[EventDate "2021.??.??"]
[EventType "blitz"]

1. e4 e5 2. Nf3 Nc6 3. c3 d5 4. Bb5 dxe4 5. Nxe5 Qd5 6. Qa4 Nge7 7. f4 exf3 8.
Nxf3 a6 9. Bc4 Qe4+ 10. Kd1 Be6 11. d3 Qg4 12. Rg1 O-O-O 13. Nbd2 Rxd3 14.
Bxe6+ Qxe6 15. Re1 Qd7 16. b4 Nd5 17. Bb2 Ne3+ 18. Kc1 Be7 19. b5 axb5 20. Qa8+
Nb8 21. Ne5 Qf5 22. Nxd3 Qxd3 23. Rxe3 Qxe3 24. Kc2 Rd8 25. Nf3 Qd3+ 26. Kb3
Qc4+ 27. Kc2 Qe2+ 28. Kb3 Qxg2 29. Ne5 Qd5+ 30. c4 bxc4+ 31. Nxc4 Qb5+ {Normal}
0-1

[Event "Rated Rapid game"]
[Site "?"]
[Date "2021.06.21"]
[Round "?"]
[White "BirdSetFree7"]
[Black "romor64"]
[Result "1-0"]
[WhiteElo "2351"]
[BlackElo "2424"]
[PlyCount "95"]
[EventDate "2021.??.??"]
[EventType "rapid"]

1. e4 e5 2. Nf3 Nc6 3. c3 Nf6 4. d4 Nxe4 5. dxe5 d5 6. exd6 Bxd6 7. Bd3 O-O 8.
O-O Nf6 9. h3 h6 10. Qc2 Re8 11. Nbd2 b6 12. Ne4 Nxe4 13. Bxe4 Bb7 14. Be3 Qf6
15. Rad1 Rad8 16. Bd5 Ba8 17. Rfe1 Ne5 18. Bxa8 Rxa8 19. Nxe5 Rxe5 20. Bd4
Rxe1+ 21. Rxe1 Qf4 22. g3 Qg5 23. Qe4 Rd8 24. Kg2 c5 25. Be3 Qf6 26. Qb7 Bb8
27. a4 Kh7 28. a5 Qe6 29. axb6 axb6 30. Ra1 Qd5+ 31. Qxd5 Rxd5 32. Ra6 Bc7 33.
Ra7 Bd8 34. Rxf7 Kg6 35. Rb7 Kf6 36. Kf3 g5 37. Ke4 Rd1 38. b4 cxb4 39. Bd4+
Ke6 40. cxb4 Rb1 41. Rh7 Rxb4 42. Rxh6+ Kf7 43. f4 gxf4 44. gxf4 Be7 45. Kd5
Rb5+ 46. Kc4 Rf5 47. Be5 Bg5 48. Rh5 {Time forfeit} 1-0

[Event "Rated Blitz game"]
[Site "?"]
[Date "2021.06.21"]
[Round "?"]
[White "ElAdversario"]
[Black "Chesstomioka"]
[Result "1/2-1/2"]
[WhiteElo "2590"]
[BlackElo "2618"]
[PlyCount "161"]
[EventDate "2021.??.??"]
[EventType "blitz"]

1. e4 e5 2. Nf3 Nc6 3. c3 Nf6 4. d3 Bc5 5. Be2 d6 6. b4 Bb6 7. O-O O-O 8. Nbd2
Ne7 9. Nc4 Ng6 10. g3 c6 11. Nxb6 axb6 12. Re1 h6 13. Bf1 Re8 14. Bg2 d5 15.
Qe2 c5 16. h3 Be6 17. a3 c4 18. dxc4 dxc4 19. Rd1 Qc8 20. Kh2 b5 21. Ng1 Qc7
22. Bb2 Red8 23. Rxd8+ Rxd8 24. Rd1 Rxd1 25. Qxd1 Nd7 26. Bc1 Nb8 27. Ne2 Nc6
28. Be3 Nf8 29. f4 f6 30. f5 Bf7 31. g4 Nd7 32. h4 Nb6 33. Bf3 Na4 34. g5 Nb2
35. Qg1 hxg5 36. hxg5 fxg5 37. Qxg5 Nd3 38. f6 Be6 39. Ng3 Kf8 40. Nh5 gxf6 41.
Qh6+ Ke8 42. Qh8+ Kd7 43. Nxf6+ Ke7 44. Bh6 Qd8 45. Qg7+ Kd6 46. Bh5 Qe7 47.
Ne8+ Kd7 48. Qg2 Bf7 49. Qg4+ Be6 50. Qg5 Qxg5 51. Bxg5 Nf4 52. Nf6+ Kd6 53.
Bf3 Nd3 54. Kg3 Nb2 55. Bc1 Na4 56. Bd2 Ne7 57. Ne8+ Kd7 58. Ng7 Kc7 59. Nxe6+
Kd6 60. Nc5 Nxc5 61. bxc5+ Kxc5 62. Kg4 Kd6 63. Be3 Nc6 64. Kg5 Na5 65. Kg6 Nc6
66. Kf6 Nb8 67. Bh5 Nd7+ 68. Kf5 b6 69. Be8 Nb8 70. Bxb5 Kc7 71. a4 Kb7 72.
Kxe5 Kc7 73. Kd4 Kb7 74. Kxc4 Kc7 75. Kd4 Kb7 76. e5 Na6 77. Ke4 Nc5+ 78. Bxc5
bxc5 79. Kd5 Kb6 80. c4 Ka5 81. Kxc5 {Normal} 1/2-1/2

[Event "Rated Blitz game"]
[Site "?"]
[Date "2021.06.21"]
[Round "?"]
[White "Medion72"]
[Black "Kastling"]
[Result "1-0"]
[WhiteElo "2432"]
[BlackElo "2397"]
[PlyCount "37"]
[EventDate "2021.??.??"]
[EventType "blitz"]

1. e4 e5 2. Nf3 Nc6 3. c3 f5 4. Bb5 fxe4 5. Bxc6 exf3 6. Bxf3 Nf6 7. O-O Be7 8.
Re1 d6 9. d4 exd4 10. Qxd4 O-O 11. Bg5 c6 12. Na3 d5 13. Nc2 Bd7 14. c4 dxc4
15. Qxc4+ Kh8 16. Rad1 Re8 17. Bxf6 Bxf6 18. Bg4 Rxe1+ 19. Nxe1 {Normal} 1-0

[Event "Rated Blitz game"]
[Site "?"]
[Date "2021.06.21"]
[Round "?"]
[White "blitzer-shmitzer"]
[Black "chessflash88"]
[Result "1-0"]
[WhiteElo "2399"]
[BlackElo "2561"]
[PlyCount "123"]
[EventDate "2021.??.??"]
[EventType "blitz"]

1. e4 e5 2. Nf3 Nc6 3. c3 Nf6 4. d4 Nxe4 5. d5 Ne7 6. Nxe5 d6 7. Bb5+ c6 8.
dxc6 bxc6 9. Nxc6 Qb6 10. Nd4+ Bd7 11. Bxd7+ Kxd7 12. O-O f5 13. Nxf5 Nxf5 14.
Qf3 g6 15. Qxe4 Bg7 16. Na3 Rhe8 17. Qd5 Qc6 18. Qxc6+ Kxc6 19. Bf4 Re2 20.
Rab1 Rb8 21. Nc4 Rb5 22. Rfe1 Rxe1+ 23. Rxe1 d5 24. a4 Rc5 25. Ne5+ Bxe5 26.
Bxe5 Rc4 27. b3 Rg4 28. f3 Rh4 29. Kf2 g5 30. g4 Ne7 31. Bg3 Ng6 32. Bxh4 Nxh4
33. Re7 Ng6 34. Rxh7 a5 35. Rg7 Nf4 36. Rxg5 Nh3+ 37. Ke3 Nxg5 38. f4 Ne6 39.
h4 Nc5 40. b4 axb4 41. cxb4 Nxa4 42. h5 Nb6 43. h6 Nc4+ 44. Kd4 Nd6 45. h7 Nf7
46. g5 Nh8 47. f5 Nf7 48. g6 Nd6 49. h8=Q Nxf5+ 50. Ke5 Ne3 51. Qf6+ Kb5 52.
Kd4 Nc2+ 53. Kc3 Na3 54. Qd4 Nc4 55. Qxd5+ Ka4 56. Kxc4 Ka3 57. b5 Kb2 58. Qd3
Ka2 59. Qb3+ Ka1 60. Qb4 Ka2 61. Kc3 Ka1 62. Qb2# {Normal} 1-0

[Event "Rated Blitz game"]
[Site "?"]
[Date "2021.06.21"]
[Round "?"]
[White "wader51"]
[Black "lkhatir"]
[Result "0-1"]
[WhiteElo "2442"]
[BlackElo "2313"]
[PlyCount "34"]
[EventDate "2021.??.??"]
[EventType "blitz"]

1. e4 e5 2. Nf3 Nc6 3. c3 d5 4. Bb5 dxe4 5. Nxe5 Bd7 6. Nxd7 Qxd7 7. Qa4 Nf6 8.
O-O Be7 9. d4 exd3 10. Bg5 O-O 11. Nd2 h6 12. Bh4 Qg4 13. Qxg4 Nxg4 14. Bxc6
Bxh4 15. Bxb7 Rab8 16. Bf3 Ne5 17. Nc4 Nxc4 {Normal} 0-1

[Event "Rated Blitz game"]
[Site "?"]
[Date "2021.06.21"]
[Round "?"]
[White "federerchi"]
[Black "Viageiro"]
[Result "1-0"]
[WhiteElo "2520"]
[BlackElo "2518"]
[PlyCount "119"]
[EventDate "2021.??.??"]
[EventType "blitz"]

1. e4 e5 2. Nf3 Nc6 3. c3 Nf6 4. d3 Be7 5. Nbd2 O-O 6. Be2 d6 7. O-O Bg4 8. b4
a6 9. h3 Bh5 10. a3 Re8 11. d4 Bf8 12. dxe5 dxe5 13. Qc2 Qe7 14. Re1 Rad8 15.
Nc4 Bg6 16. Bf1 b5 17. Ncd2 Nb8 18. Nh4 Nbd7 19. Nxg6 hxg6 20. a4 c6 21. axb5
axb5 22. Ra6 Nb8 23. Ra5 Qb7 24. Nb3 Nbd7 25. Be3 Ra8 26. Rea1 Rxa5 27. Rxa5
Ra8 28. f3 Rxa5 29. Nxa5 Qc7 30. Qd2 c5 31. Bxb5 cxb4 32. cxb4 Be7 33. Nc6 Bd6
34. g4 Nf8 35. Ba4 Ne6 36. b5 Bc5 37. Bb3 Qb6 38. Kf2 Nf4 39. Qd8+ Qxd8 40.
Nxd8 Nxh3+ 41. Ke2 Nf4+ 42. Kf1 Bxe3 43. Nxf7 Kf8 44. Nxe5 Bd4 45. Nc6 Bb6 46.
e5 Nd7 47. e6 Nc5 48. e7+ Ke8 49. Bc2 Nce6 50. Ne5 Kxe7 51. Bxg6 Kf6 52. Nd7+
Kxg6 53. Nxb6 Nc5 54. Nc4 Kf6 55. b6 Ke6 56. Kf2 Nb7 57. Kg3 g5 58. Nd2 Kf6 59.
Ne4+ Kg6 60. Kf2 {Time forfeit} 1-0

[Event "Rated Blitz game"]
[Site "?"]
[Date "2021.06.21"]
[Round "?"]
[White "Buzilo"]
[Black "Neftegor"]
[Result "1-0"]
[WhiteElo "2394"]
[BlackElo "2559"]
[PlyCount "91"]
[EventDate "2021.??.??"]
[EventType "blitz"]

1. e4 e5 2. Nf3 Nc6 3. c3 Nf6 4. d4 Nxe4 5. d5 Ne7 6. Nxe5 Ng6 7. Qd4 Nxe5 8.
Qxe4 Qe7 9. Bf4 d6 10. Bb5+ Kd8 11. O-O f5 12. Qe3 h6 13. Re1 Ng6 14. Qd2 Ne5
15. Na3 g5 16. Bxe5 dxe5 17. Nc4 Bg7 18. d6 cxd6 19. Nxd6 Kc7 20. Rad1 Rd8 21.
Ne8+ Qxe8 22. Bxe8 Rxd2 23. Rxd2 Be6 24. Ba4 a6 25. Red1 b5 26. Bb3 Bc8 27. Rd6
a5 28. Rg6 Bf8 29. Bd5 Rb8 30. Rg8 Bd7 31. Bf7 b4 32. cxb4 axb4 33. b3 e4 34.
Rh8 f4 35. Rh7 Kc6 36. Bd5+ Kb6 37. Rxd7 e3 38. fxe3 fxe3 39. Bf3 Bc5 40. Kf1
Rf8 41. Ke2 g4 42. R1d6+ Ka5 43. Bxg4 Rf2+ 44. Ke1 Rxg2 45. Ra7+ Kb5 46. Bd7# {
Normal} 1-0

[Event "Rated Blitz game"]
[Site "?"]
[Date "2021.06.21"]
[Round "?"]
[White "vascodiogo17"]
[Black "captain_flagonearth"]
[Result "1-0"]
[WhiteElo "2458"]
[BlackElo "2449"]
[PlyCount "99"]
[EventDate "2021.??.??"]
[EventType "blitz"]

1. e4 e5 2. Nf3 Nc6 3. c3 Nf6 4. d4 exd4 5. e5 Nd5 6. Bb5 d6 7. O-O Be7 8. exd6
Qxd6 9. Nxd4 Bd7 10. Nxc6 Bxc6 11. Bxc6+ Qxc6 12. Nd2 O-O 13. Ne4 Rfe8 14. Qf3
Rad8 15. h3 Bf8 16. Bg5 Be7 17. Rad1 h6 18. Bc1 Bf8 19. Rfe1 Nb6 20. Rxd8 Rxd8
21. Nd2 Qxf3 22. Nxf3 f6 23. b3 Kf7 24. c4 Nc8 25. Bf4 Bd6 26. Rd1 Ke7 27. Be3
Bb4 28. Rxd8 Kxd8 29. h4 a6 30. h5 Ne7 31. Nh4 Kd7 32. f3 Ke6 33. Kf2 c6 34.
Ke2 b5 35. Kd3 Nf5 36. Nxf5 Kxf5 37. g4+ Ke6 38. Ke4 Bd6 39. f4 Bb4 40. Bd4 Be7
41. cxb5 cxb5 42. a4 Bb4 43. axb5 axb5 44. Bb6 Be7 45. Ba5 Bf8 46. f5+ Kd7 47.
Kd5 Bd6 48. Bb6 Be7 49. Bc5 Bd8 50. Bf8 {Normal} 1-0

[Event "Rated Blitz game"]
[Site "?"]
[Date "2021.06.21"]
[Round "?"]
[White "Abouyahya1983"]
[Black "ilimchess"]
[Result "1-0"]
[WhiteElo "2508"]
[BlackElo "2461"]
[PlyCount "89"]
[EventDate "2021.??.??"]
[EventType "blitz"]

1. e4 e5 2. Nf3 Nc6 3. c3 Nf6 4. d4 d6 5. Bb5 Bd7 6. O-O Be7 7. Re1 O-O 8. d5
Nb8 9. c4 a6 10. Ba4 b5 11. Bc2 c5 12. Nbd2 b4 13. h3 a5 14. Ba4 g6 15. Nf1 Nh5
16. Bh6 Bxa4 17. Qxa4 Re8 18. Ng3 Nf4 19. Bxf4 exf4 20. Ne2 Bf6 21. Nxf4 Bxb2
22. Rad1 Bc3 23. Re2 Nd7 24. Nd3 Nb6 25. Qc2 Nxc4 26. e5 dxe5 27. Nxc5 Rc8 28.
Nb7 Qb6 29. d6 Qxb7 30. d7 e4 31. dxc8=Q Qxc8 32. Rxe4 Rxe4 33. Qxe4 Kg7 34.
Qd5 Nb2 35. Rc1 Qa6 36. Ng5 Qa7 37. Rxc3 bxc3 38. Qe5+ Kh6 39. Qf4 Nd3 40. Qh4+
Kg7 41. Qxh7+ Kf6 42. Ne4+ Ke5 43. Qh4 c2 44. Qg3+ Nf4 45. Qc3+ {Time forfeit}
1-0

[Event "Rated Blitz game"]
[Site "?"]
[Date "2021.06.21"]
[Round "?"]
[White "ilalchemer"]
[Black "Adbo"]
[Result "0-1"]
[WhiteElo "2401"]
[BlackElo "2371"]
[PlyCount "62"]
[EventDate "2021.??.??"]
[EventType "blitz"]

1. e4 e5 2. Nf3 Nc6 3. c3 Bc5 4. d4 exd4 5. cxd4 Bb6 6. d5 Nce7 7. e5 d6 8. Nc3
Bg4 9. Qa4+ Bd7 10. Qf4 Ng6 11. Qg3 dxe5 12. Nxe5 Qe7 13. f4 f6 14. Bc4 fxe5
15. f5 Bxf5 16. Bg5 Qf7 17. Bb5+ Bd7 18. O-O-O Nf6 19. Rhf1 O-O-O 20. Bc4 Rhf8
21. Bb3 Qe7 22. Ne4 Nxe4 23. Bxe7 Nxg3 24. Rxf8 Rxf8 25. Bxf8 Ne2+ 26. Kd2 Nxf8
27. Rf1 Nf4 28. g3 Bh3 29. Rf3 Bg2 30. Rc3 Nxd5 31. Bxd5 Bxd5 {Normal} 0-1

[Event "Rated Blitz game"]
[Site "?"]
[Date "2021.06.21"]
[Round "?"]
[White "chess_commandos"]
[Black "GMshooter96"]
[Result "0-1"]
[WhiteElo "2465"]
[BlackElo "2560"]
[PlyCount "64"]
[EventDate "2021.??.??"]
[EventType "blitz"]

1. e4 e5 2. Nf3 Nc6 3. c3 d5 4. exd5 Qxd5 5. d3 Bf5 6. Be2 O-O-O 7. O-O Bxd3 8.
Bxd3 Qxd3 9. Qb3 Qd5 10. c4 Qc5 11. Be3 Qb4 12. Qc2 Nd4 13. Bxd4 exd4 14. Ne5
Nh6 15. Nd2 d3 16. Qc3 Qxc3 17. bxc3 Bd6 18. Nef3 Rhe8 19. Rfe1 f5 20. g3 Ng4
21. Nd4 Bc5 22. N2f3 g6 23. h3 Nf6 24. Ne6 Ne4 25. Ned4 Nxc3 26. Ne6 Ne4 27.
Nxd8 Bxf2+ 28. Kg2 Bxe1 29. Nxe1 Rxd8 30. Rd1 d2 31. Nf3 Rd3 32. Ne5 Ra3 {
Normal} 0-1

[Event "Rated Rapid game"]
[Site "?"]
[Date "2021.06.21"]
[Round "?"]
[White "Avengers688"]
[Black "Die_Nebelkerze"]
[Result "1-0"]
[WhiteElo "2400"]
[BlackElo "2247"]
[PlyCount "39"]
[EventDate "2021.??.??"]
[EventType "rapid"]

1. e4 e5 2. Nf3 Nc6 3. c3 d5 4. Qa4 f6 5. Bb5 Nge7 6. exd5 Qxd5 7. d4 e4 8.
Nfd2 e3 9. Nf3 exf2+ 10. Kxf2 Bg4 11. c4 Qh5 12. d5 Nf5 13. dxc6 Bc5+ 14. Ke1
O-O 15. cxb7 Rfe8+ 16. Bxe8 Rxe8+ 17. Kd2 Bxf3 18. gxf3 Nd6 19. Re1 Qxh2+ 20.
Kc3 {Normal} 1-0

[Event "Rated Blitz game"]
[Site "?"]
[Date "2021.06.21"]
[Round "?"]
[White "Baluk"]
[Black "BrittanyMurphy"]
[Result "0-1"]
[WhiteElo "2374"]
[BlackElo "2425"]
[PlyCount "72"]
[EventDate "2021.??.??"]
[EventType "blitz"]

1. e4 e5 2. Nf3 Nc6 3. c3 Nf6 4. d4 d5 5. exd5 Qxd5 6. Nbd2 exd4 7. Bc4 Qh5 8.
O-O Bg4 9. Qb3 Na5 10. Qa4+ Bd7 11. Re1+ Kd8 12. Qc2 Nxc4 13. Nxc4 dxc3 14. Bf4
Bc6 15. Nce5 Bxf3 16. Nxf3 Bd6 17. Rad1 Re8 18. Rxe8+ Kxe8 19. Bxd6 cxd6 20.
Rxd6 cxb2 21. Qxb2 Qc5 22. Rd1 Qb6 23. Qe5+ Kf8 24. h3 Re8 25. Qf4 Ne4 26. Nd4
Kg8 27. Nf5 Qe6 28. Rb1 Nc3 29. Qg5 g6 30. Nh6+ Kg7 31. Rxb7 Qe1+ 32. Kh2 Qe5+
33. Qxe5+ Rxe5 34. Nxf7 Rb5 35. Rxb5 Nxb5 36. Nd6 Nxd6 {Normal} 0-1

[Event "Rated Blitz game"]
[Site "?"]
[Date "2021.06.21"]
[Round "?"]
[White "Medion72"]
[Black "furkancelebi"]
[Result "1-0"]
[WhiteElo "2429"]
[BlackElo "2262"]
[PlyCount "103"]
[EventDate "2021.??.??"]
[EventType "blitz"]

1. e4 e5 2. Nf3 Nc6 3. c3 Nf6 4. d4 exd4 5. e5 Ne4 6. Qe2 Nc5 7. cxd4 Ne6 8. d5
Ned4 9. Nxd4 Nxd4 10. Qc4 c5 11. d6 b5 12. Qxc5 Qb6 13. Qxb6 axb6 14. Kd1 f6
15. exf6 Bxd6 16. fxg7 Rg8 17. Be3 Bc5 18. Bh6 d6 19. Bd3 Bf5 20. Re1+ Kf7 21.
Bxf5 Nxf5 22. Bg5 Rxg7 23. f4 h6 24. g4 Ne3+ 25. Kc1 hxg5 26. fxg5 Nxg4 27. h3
Nf2 28. Kc2 Nxh3 29. Nc3 Rxg5 30. Nxb5 Rg2+ 31. Kb3 Rg3+ 32. Kc2 Rg2+ 33. Kb3
Ng5 34. Rad1 Rh8 35. Nxd6+ Kg6 36. Ne4 Rh3+ 37. Nc3 Rhh2 38. Rb1 Nf3 39. Red1
Nd4+ 40. Kc4 Rxb2 41. Rxb2 Rxb2 42. Nd5 Ne6 43. Rg1+ Kf5 44. Rf1+ Ke5 45. Re1+
Kd6 46. Nc3 Rh2 47. Ne4+ Kd7 48. Nc3 Nd4 49. Rd1 Rh4 50. Kd5 Kc7 51. Ne4 Nb5
52. Nxc5 {Time forfeit} 1-0

[Event "Rated Blitz game"]
[Site "?"]
[Date "2021.06.21"]
[Round "?"]
[White "Spanyard"]
[Black "Loezjin"]
[Result "0-1"]
[WhiteElo "2404"]
[BlackElo "2350"]
[PlyCount "40"]
[EventDate "2021.??.??"]
[EventType "blitz"]

1. e4 e5 2. Nf3 Nc6 3. c3 Nf6 4. d4 exd4 5. e5 Nd5 6. cxd4 Bb4+ 7. Bd2 Bxd2+ 8.
Qxd2 O-O 9. Nc3 Nxc3 10. bxc3 d6 11. exd6 Qxd6 12. Be2 Re8 13. O-O Bf5 14. Rfe1
Rad8 15. h3 Nb8 16. Bc4 c5 17. Ne5 Rxe5 18. Bxf7+ Kxf7 19. Qg5 Rxe1+ 20. Rxe1
Qf6 {Normal} 0-1

[Event "Rated Blitz game"]
[Site "?"]
[Date "2021.06.21"]
[Round "?"]
[White "Buzilo"]
[Black "Jero_el_siniestro"]
[Result "0-1"]
[WhiteElo "2369"]
[BlackElo "2528"]
[PlyCount "122"]
[EventDate "2021.??.??"]
[EventType "blitz"]

1. e4 e5 2. Nf3 Nc6 3. c3 d5 4. Qa4 dxe4 5. Nxe5 Bd7 6. Nxd7 Qxd7 7. Qxe4+ Be7
8. d4 Nf6 9. Qf3 O-O-O 10. Bd3 Kb8 11. O-O h6 12. Bf4 g5 13. Bf5 Qd5 14. Bg3
Qxf3 15. gxf3 h5 16. h3 h4 17. Bh2 Nd5 18. Nd2 Bf6 19. Rfe1 b6 20. Ne4 Be7 21.
Nd2 Bd6 22. Bxd6 Rxd6 23. Ne4 Rdd8 24. Kh2 Nce7 25. c4 Nf4 26. Bg4 f5 27. Nxg5
fxg4 28. Rxe7 gxh3 29. Nf7 Rhe8 30. Nxd8 Rxd8 31. d5 Nd3 32. Rf1 Nxb2 33. Rg1
Nxc4 34. Rgg7 Rxd5 35. Rxc7 Na5 36. Rcd7 Rxd7 37. Rxd7 Nc4 38. f4 a5 39. f5 Ne5
40. Re7 Ng4+ 41. Kxh3 Nf6 42. Re6 Nd5 43. Kxh4 Kc7 44. f6 Kd7 45. f7 Kxe6 46.
f8=Q Kd7 47. Qf7+ Kc6 48. Qe6+ Kc5 49. Kg3 Nc3 50. f4 b5 51. Qe5+ Kc4 52. f5
Nxa2 53. Qe6+ Kb4 54. Qxa2 a4 55. f6 Kc3 56. f7 b4 57. f8=Q b3 58. Qf3+ Kb4 59.
Qd2+ Ka3 60. Qd6+ Kb2 61. Qe2+ Kb1 {Time forfeit} 0-1

[Event "11th ch-Mediterranean"]
[Site "Petrovac MNE"]
[Date "2021.06.20"]
[Round "3.24"]
[White "Cabanas Jimenez, Ma"]
[Black "Ameir, M."]
[Result "0-1"]
[WhiteElo "2150"]
[BlackElo "2352"]
[PlyCount "124"]
[EventDate "2021.06.19"]
[SourceTitle "The Week in Chess 1390"]
[Source "Mark Crowther"]
[SourceDate "2021.06.28"]
[SourceVersion "2"]
[SourceVersionDate "2021.06.28"]
[SourceQuality "2"]

1. e4 e5 2. Nf3 Nc6 3. c3 d6 4. d4 Be7 5. dxe5 dxe5 6. Qxd8+ Bxd8 7. Bb5 Bd7 8.
Be3 a6 9. Bc4 Nf6 10. Nbd2 Ng4 11. Bc5 Be7 12. Bxe7 Kxe7 13. h3 Nh6 14. Bd5 f6
15. Nc4 Nd8 16. O-O-O Rb8 17. Ne3 c6 18. Bb3 Ne6 19. Rd2 Nc5 20. Rhd1 Nxb3+ 21.
axb3 Be6 22. Kc2 g6 23. Nc4 Nf7 24. Nb6 Rhd8 25. Rxd8 Rxd8 26. Rxd8 Nxd8 27.
Nd2 h5 28. Nbc4 h4 29. Ne3 Nf7 30. Kd3 Ng5 31. Ke2 b5 32. b4 Nf7 33. f3 Nd6 34.
Ng4 Nc8 35. Nf2 Nb6 36. b3 Kd6 37. Nd3 Nd7 38. Kd1 c5 39. bxc5+ Nxc5 40. Nxc5
Kxc5 41. b4+ Kb6 42. Kc2 a5 43. bxa5+ Kxa5 44. Nb3+ Kb6 45. Nd2 Kc5 46. Kd3 f5
47. Ke3 Bd7 48. Kd3 Kb6 49. Kc2 Be6 50. Nf1 Kc5 51. Kd2 Ba2 52. Kc2 Bc4 53. Nd2
Be2 54. Nb3+ Kd6 55. Nd2 Ke6 56. Kb3 Kf6 57. Kb4 Kg5 58. Kc5 Kf4 59. Kd5 Ke3
60. Nb1 fxe4 61. fxe4 Bd3 62. Na3 Kf4 0-1

[Event "Rated Blitz game"]
[Site "?"]
[Date "2021.06.20"]
[Round "?"]
[White "WhiteBoader"]
[Black "theken"]
[Result "1-0"]
[WhiteElo "2509"]
[BlackElo "2533"]
[PlyCount "121"]
[EventDate "2021.??.??"]
[EventType "blitz"]

1. e4 e5 2. Nf3 Nc6 3. c3 d5 4. Qa4 f6 5. d3 Nge7 6. Nbd2 Bd7 7. Qc2 g5 8. Be2
Be6 9. d4 exd4 10. cxd4 Bg7 11. e5 fxe5 12. Nxg5 Nxd4 13. Bh5+ Kd7 14. Qa4+ b5
15. Qa6 Qc8 16. Qxc8+ Raxc8 17. O-O Rhf8 18. Nb3 c5 19. Be3 c4 20. Nxd4 exd4
21. Nxe6 Kxe6 22. Bg4+ Nf5 23. Bg5 Be5 24. Rae1 Kd6 25. f4 Bh8 26. Bxf5 Rxf5
27. g4 Rxg5 28. fxg5 d3 29. Kf2 Bxb2 30. Ke3 c3 31. Kxd3 c2 32. Rc1 Bxc1 33.
Rxc1 Rc4 34. h3 Ke5 35. Kd2 Kf4 36. Rf1+ Kxg5 37. Kc1 d4 38. Rf5+ Kh4 39. Rh5+
Kg3 40. Rxh7 a5 41. g5 d3 42. Rd7 Kf4 43. g6 Kg5 44. g7 Rc8 45. Rxd3 Kh6 46.
Rg3 Rg8 47. Kxc2 b4 48. Kb3 Kh5 49. Ka4 Kh4 50. Rg6 Kxh3 51. Kxa5 Kh4 52. Kxb4
Kh5 53. Rg1 Rb8+ 54. Kc5 Rg8 55. Kd6 Kh4 56. a4 Ra8 57. a5 Ra7 58. g8=Q Ra6+
59. Kc7 Ra7+ 60. Kb6 Rh7 61. Qxh7# {Normal} 1-0

[Event "Rated Blitz game"]
[Site "?"]
[Date "2021.06.20"]
[Round "?"]
[White "Zadokhlik"]
[Black "Moskva2117"]
[Result "0-1"]
[WhiteElo "2438"]
[BlackElo "2422"]
[PlyCount "72"]
[EventDate "2021.??.??"]
[EventType "blitz"]

1. e4 e5 2. Nf3 Nc6 3. c3 Nf6 4. d3 d5 5. Nbd2 Bc5 6. Be2 dxe4 7. dxe4 O-O 8.
O-O a5 9. b3 h6 10. Qc2 Be6 11. a3 Qe7 12. Bb2 Rfd8 13. b4 Bb6 14. Nc4 Bxc4 15.
Bxc4 Nh5 16. g3 Qf6 17. Kg2 Ne7 18. Rfd1 Ng6 19. Bf1 Ngf4+ 20. gxf4 Qxf4 21. h3
Qf6 22. Rxd8+ Rxd8 23. Rd1 Nf4+ 24. Kh2 Re8 25. Bc1 Re6 26. Be3 Ng6 27. Bg2 Nh4
28. Nxh4 Qxh4 29. Qd2 Rf6 30. Bxb6 cxb6 31. f3 Kh7 32. Qe2 Rg6 33. Rd2 Rg5 34.
Qf2 Qf4+ 35. Kh1 Rg3 36. Qxb6 Qxd2 {Normal} 0-1

[Event "Rated Blitz tournament X84F9uhy"]
[Site "?"]
[Date "2021.06.20"]
[Round "?"]
[White "Morf1us"]
[Black "ne4ePHoJI"]
[Result "0-1"]
[WhiteElo "2510"]
[BlackElo "2605"]
[PlyCount "56"]
[EventDate "2021.??.??"]
[EventType "blitz"]

1. e4 e5 2. Nf3 Nc6 3. c3 Nf6 4. d3 d5 5. Nbd2 Be7 6. Be2 O-O 7. O-O h6 8. b4
a6 9. Bb2 Be6 10. Re1 Qd7 11. Bf1 Rad8 12. Qc2 Rfe8 13. a4 Bd6 14. b5 axb5 15.
axb5 Nb8 16. exd5 Bxd5 17. c4 Bxf3 18. Nxf3 Qf5 19. c5 Bf8 20. Rxe5 Rxe5 21.
Bxe5 Ng4 22. Bxc7 Bxc5 23. d4 Qxc2 24. Bxd8 Qxf2+ 25. Kh1 Bxd4 26. h3 Bxa1 27.
hxg4 Qxf1+ 28. Kh2 Nd7 {Normal} 0-1

[Event "Rated Blitz tournament QevOOJeC"]
[Site "?"]
[Date "2021.06.20"]
[Round "?"]
[White "Penguin_gm"]
[Black "simon_h81"]
[Result "1-0"]
[WhiteElo "2445"]
[BlackElo "2303"]
[PlyCount "125"]
[EventDate "2021.??.??"]
[EventType "blitz"]

1. e4 e5 2. Nf3 Nc6 3. c3 Nf6 4. d4 exd4 5. e5 Ng8 6. cxd4 d6 7. exd6 Bxd6 8.
Bb5 Bd7 9. O-O Nge7 10. Nc3 O-O 11. Bg5 f6 12. Bh4 a6 13. Bc4+ Kh8 14. Re1 Ng6
15. Bg3 Bxg3 16. hxg3 Re8 17. Qd2 Bg4 18. Rxe8+ Qxe8 19. Be2 Qd7 20. Rd1 Rd8
21. d5 Bxf3 22. Bxf3 Nce5 23. Be2 Ne7 24. f4 N5g6 25. Bf3 c6 26. Na4 cxd5 27.
Nc5 Qc6 28. Qd4 Nf5 29. Qf2 Nxg3 30. Nb3 Nf5 31. g4 Nfe7 32. Nd4 Qd6 33. Qe3
Qxf4 34. Qxf4 Nxf4 35. Nf5 Neg6 36. Kf2 Nh3+ 37. Kg3 Ng5 38. Bxd5 Ne5 39. Rc1
g6 40. Ne3 f5 41. gxf5 gxf5 42. Kf4 Ngf7 43. Bxf7 Nxf7 44. Nxf5 Rf8 45. Rc7 Nd6
46. Ke5 Rxf5+ 47. Ke6 Rc5 48. Kxd6 Rxc7 49. Kxc7 h5 50. Kxb7 h4 51. Kxa6 h3 52.
b4 h2 53. b5 h1=Q 54. b6 Qh7 55. Kb5 Qb7 56. Kc5 Kg7 57. Kb4 Kf7 58. Kb5 Ke8
59. a4 Kd7 60. a5 Kc8 61. a6 Qa8 62. Ka5 Kb8 63. b7 {Time forfeit} 1-0

[Event "Rated Blitz game"]
[Site "?"]
[Date "2021.06.20"]
[Round "?"]
[White "wallie666"]
[Black "Alpskj"]
[Result "1/2-1/2"]
[WhiteElo "2465"]
[BlackElo "2380"]
[PlyCount "112"]
[EventDate "2021.??.??"]
[EventType "blitz"]

1. e4 e5 2. Nf3 Nc6 3. c3 Nf6 4. d4 d6 5. dxe5 Nxe5 6. Nxe5 dxe5 7. Qxd8+ Kxd8
8. Bd3 Bc5 9. f3 Ke7 10. Kd2 c6 11. Kc2 Be6 12. Nd2 Rad8 13. Rd1 Rd7 14. Nc4
Bxc4 15. Bxc4 Rhd8 16. Bg5 Rxd1 17. Rxd1 Rxd1 18. Kxd1 h6 19. Bh4 b5 20. Bb3 g5
21. Bg3 Nd7 22. h4 f6 23. h5 a5 24. Be1 Be3 25. Ke2 Bc5 26. g4 a4 27. Bg8 Bg1
28. c4 Bc5 29. cxb5 cxb5 30. b3 Nb6 31. Kd3 Kd6 32. Ba5 axb3 33. axb3 Nd7 34.
Bd8 Bb6 35. Bxb6 Nxb6 36. Kc3 Kc5 37. b4+ Kd6 38. Bb3 Kc6 39. Kd3 Nd7 40. Kc3
Nb8 41. Kd3 Na6 42. Kc3 Kd6 43. Bd5 Kc7 44. Bb3 Kb6 45. Bd5 Nc7 46. Bb3 Ne8 47.
Kd3 Kc6 48. Kc3 Nd6 49. Kd3 Nc8 50. Kc3 Nb6 51. Kd3 Kd6 52. Kc3 Na8 53. Kd3 Nc7
54. Kc3 Ne6 55. Bxe6 Kxe6 56. Kd3 Kd6 {Normal} 1/2-1/2